01139nam a22002531i 450000100060000000300080000600500170001400800410003103500140007204000260008604100080011208200240012010000370014424502160018126000320039730000250042950400310045465000490048570000380053494200120057299900170058495201430060195201410074435890BD-RjUL20211209052410.0140611s1950 stk 00010 eng d a(BD-RjUL) aBD-RjULbengcBD-RjUL aeng a320.9bCAH V-2 19501 aCarlyle, Robert Warrend.910928012aA history of medieval political theory in the west /cby R. W. Carlyle and A. J. Carlyle :nVol II :pThe Political theoey of the Roman Lawyers and the Canonists from the Thenth Century to the Thirteenth Century aEdinb. :bBlackwood,c1950. axix,274 p. ;c21 cm. aBibliographical footnotes. 0aPolitical sciencexHistoryyTo 1500.91084721 aCarlyle, Alexander James.9109281 2ddccBK c35890d35890 00102ddc40718NFICaRUCLbRUCLcReadingd1965-01-07eZeitlingerg25.00l0o320.9 CAH V-2 1950r2014-06-11 00:00:00tC-1w2014-06-11yBK 00102ddc40708NFICaRUCLbRUCLcStackd1965-01-07eZeitlingerg25.00l0o320.9 CAH V-2 1950r2014-06-11 00:00:00tC-3w2014-06-11yBK